[Event "Lipetsk"]
[Site "Lipetsk"]
[Date "2018.08.09"]
[Round "5"]
[White "Grigorjev, Iljya"]
[Black "Batyrov, Sapar"]
[Result "1-0"]
[WhiteElo "2314"]
[BlackElo "2395"]
[PlyCount "39"]
[EventDate "2018.08.07"]
[EventType "tourn"]
[EventRounds "9"]
[EventCountry "RUS"]
[EventCategory "3"]
[SourceTitle "CBM 186 Extra"]
[Source "ChessBase"]
[SourceDate "2018.08.24"]
[SourceVersion "1"]
[SourceVersionDate "2018.08.24"]
[SourceQuality "1"]

1. e4 d5 2. exd5 c6 3. d4 Nf6 4. dxc6 e5 5. dxe5 Qxd1+ 6. Kxd1 Ng4 7. cxb7 Bxb7 8. Be3 Nc6 9. Nf3 0-0-0+ 10. Nbd2 Nxe3+ 11. fxe3 Bc5 12. Bd3 Bxe3 13. Ne4 Kc7 14. Nd6 Nxe5 15. Nxb7 Rd5 16. Nxe5 Rxe5 17. Rf1 f6 18. Rf5 Rxf5 19. Bxf5 Kxb7 20. Ke2 1-0

[Event "Lipetsk"]
[Site "Lipetsk"]
[Date "2018.08.09"]
[Round "6"]
[White "Krylov, Ivan"]
[Black "Batyrov, Sapar"]
[Result "1-0"]
[WhiteElo "2424"]
[BlackElo "2395"]
[PlyCount "85"]
[EventDate "2018.08.07"]
[EventType "tourn"]
[EventRounds "9"]
[EventCountry "RUS"]
[EventCategory "3"]
[SourceTitle "CBM 186 Extra"]
[Source "ChessBase"]
[SourceDate "2018.08.24"]
[SourceVersion "1"]
[SourceVersionDate "2018.08.24"]
[SourceQuality "1"]

1. d4 d6 2. Nf3 g6 3. c4 Bg7 4. Nc3 c6 5. g3 e6 6. Bg2 Ne7 7. 0-0 0-0 8. e4 a6 9. e5 d5 10. c5 b5 11. cxb6 Nd7 12. Na4 Nxb6 13. Bg5 Nxa4 14. Qxa4 Bd7 15. Qa3 Re8 16. Rac1 h6 17. Bd2 Bf8 18. Ba5 Qb8 19. Qc3 Qb7 20. Ne1 Rab8 21. Nd3 Nf5 22. Rfd1 Qb5 23. b4 Rec8 24. Bf1 Qb7 25. Nc5 Bxc5 26. Qxc5 h5 27. Qc3 Be8 28. Qd3 Ra8 29. Rc5 Qe7 30. h3 Qg5 31. Kh2 Bd7 32. Be2 Kg7 33. a4 Qh6 34. Kg2 Kh8 35. Qc2 g5 36. Bb6 f6 37. Ra5 Rf8 38. Rxa6 Rxa6 39. Bxa6 fxe5 40. dxe5 Qg7 41. Qe2 g4 42. hxg4 Nxg3 43. fxg3 1-0

[Event "Lipetsk"]
[Site "Lipetsk"]
[Date "2018.08.08"]
[Round "4"]
[White "Batyrov, Sapar"]
[Black "Bykov, Oleg1111"]
[Result "1/2-1/2"]
[WhiteElo "2395"]
[BlackElo "2383"]
[PlyCount "28"]
[EventDate "2018.08.07"]
[EventType "tourn"]
[EventRounds "9"]
[EventCountry "RUS"]
[EventCategory "3"]
[SourceTitle "CBM 186 Extra"]
[Source "ChessBase"]
[SourceDate "2018.08.24"]
[SourceVersion "1"]
[SourceVersionDate "2018.08.24"]
[SourceQuality "1"]

1. c4 Nf6 2. g3 g6 3. Bg2 Bg7 4. Nc3 0-0 5. d3 d6 6. Rb1 e5 7. Bd2 c6 8. e3 d5 9. cxd5 cxd5 10. Nge2 Nc6 11. a3 d4 12. Ne4 dxe3 13. Bxe3 Nxe4 14. dxe4 Bg4 1/2-1/2

[Event "Lipetsk"]
[Site "Lipetsk"]
[Date "2018.08.08"]
[Round "3"]
[White "Yashmetov, Mikhail"]
[Black "Batyrov, Sapar"]
[Result "1-0"]
[WhiteElo "2365"]
[BlackElo "2395"]
[PlyCount "27"]
[EventDate "2018.08.07"]
[EventType "tourn"]
[EventRounds "9"]
[EventCountry "RUS"]
[EventCategory "3"]
[SourceTitle "CBM 186 Extra"]
[Source "ChessBase"]
[SourceDate "2018.08.24"]
[SourceVersion "1"]
[SourceVersionDate "2018.08.24"]
[SourceQuality "1"]

1. Nf3 Nf6 2. g3 b6 3. Bg2 Bb7 4. 0-0 c5 5. c4 e6 6. Nc3 Be7 7. Re1 d6 8. e4 Nbd7 9. d4 cxd4 10. Nxd4 Qb8 11. Nd5 Bd8 12. Bf4 a6 13. Nf5 exf5 14. Nxf6+ 1-0

[Event "Lipetsk"]
[Site "Lipetsk"]
[Date "2018.08.07"]
[Round "1"]
[White "Chebotarev, Oleg"]
[Black "Batyrov, Sapar"]
[Result "1-0"]
[WhiteElo "2512"]
[BlackElo "2395"]
[PlyCount "105"]
[EventDate "2018.08.07"]
[EventType "tourn"]
[EventRounds "9"]
[EventCountry "RUS"]
[EventCategory "3"]
[SourceTitle "CBM 186 Extra"]
[Source "ChessBase"]
[SourceDate "2018.08.24"]
[SourceVersion "1"]
[SourceVersionDate "2018.08.24"]
[SourceQuality "1"]

1. d4 Nf6 2. Bg5 c6 3. Nf3 d5 4. Nbd2 g6 5. e3 Bg7 6. Bd3 Qb6 7. Rb1 Bf5 8. Bxf5 gxf5 9. 0-0 Nbd7 10. c4 0-0 11. Ne5 e6 12. Bxf6 Nxf6 13. b4 Qc7 14. Qc2 Ne4 15. Ndf3 Bxe5 16. Nxe5 f6 17. Nd3 Rf7 18. c5 Rg7 19. f3 Ng5 20. b5 Kh8 21. bxc6 bxc6 22. Rb2 Rag8 23. Kh1 Rg6 24. Nf4 Rh6 25. Rfb1 e5 26. Rb7 Qc8 27. dxe5 fxe5 28. Qc3 Qe8 29. h3 Nf7 30. Nd3 Qe6 31. Rxa7 Qg6 32. Nf4 Qg3 33. Qb2 Qg7 34. Nd3 d4 35. exd4 Qg3 36. Qf2 Rxh3+ 37. Kg1 Qh2+ 38. Kf1 Rhg3 39. Ne1 Qh1+ 40. Qg1 Qxg1+ 41. Kxg1 Ng5 42. Kf2 f4 43. dxe5 h5 44. Rb6 Ne6 45. Rxc6 R3g6 46. Raa6 Re8 47. Rd6 Kh7 48. c6 Rg5 49. Ra7+ Kh8 50. Nd3 h4 51. c7 Rgg8 52. c8Q Rxc8 53. Rxe6 1-0

[Event "Berlin Lichtenrade op 05th"]
[Site "Berlin"]
[Date "2009.10.25"]
[Round "9"]
[White "Batyrov, Sapar"]
[Black "Hahlbohm, Matthias"]
[Result "1-0"]
[WhiteElo "2421"]
[BlackElo "2090"]
[PlyCount "53"]
[EventDate "2009.10.11"]
[EventType "swiss"]
[EventRounds "9"]
[EventCountry "GER"]
[SourceTitle "EXT 2010"]
[Source "ChessBase"]
[SourceDate "2010.11.25"]
[SourceVersion "1"]
[SourceVersionDate "2010.11.25"]
[SourceQuality "1"]

1. d4 d5 2. Nf3 Nf6 3. c4 c6 4. e3 e6 5. Bd3 Bd6 6. 0-0 Nbd7 7. Nbd2 h6 8. Re1 0-0 9. e4 dxe4 10. Nxe4 Nxe4 11. Rxe4 Re8 12. Qe2 Nf6 13. Rh4 c5 14. dxc5 Bxc5 15. Ne5 Bd4 16. Bxh6 gxh6 17. Qd2 Kf8 18. Qxh6+ Ke7 19. Ng6+ fxg6 20. Qg7+ Kd6 21. Rxd4+ Nd5 22. cxd5 exd5 23. Bxg6 Rg8 24. Rxd5+ Kxd5 25. Rd1+ Ke6 26. Qf7+ Ke5 27. f4# 1-0

[Event "Berlin Lichtenrade op 05th"]
[Site "Berlin"]
[Date "2009.10.24"]
[Round "8"]
[White "Cusnariov, Nikolai"]
[Black "Batyrov, Sapar"]
[Result "1/2-1/2"]
[WhiteElo "2156"]
[BlackElo "2421"]
[PlyCount "64"]
[EventDate "2009.10.11"]
[EventType "swiss"]
[EventRounds "9"]
[EventCountry "GER"]
[SourceTitle "EXT 2010"]
[Source "ChessBase"]
[SourceDate "2010.11.25"]
[SourceVersion "1"]
[SourceVersionDate "2010.11.25"]
[SourceQuality "1"]

1. d4 d5 2. Nf3 Nf6 3. c4 c6 4. cxd5 cxd5 5. Nc3 a6 6. Bf4 g6 7. e3 Bg7 8. Bd3 0-0 9. 0-0 b6 10. Qb3 Bb7 11. Na4 Nbd7 12. Rac1 Ne8 13. Rc2 Nd6 14. Nc3 Nf6 15. Be5 e6 16. Qb4 Nfe8 17. Na4 b5 18. Nc5 Bc8 19. Bxg7 Nxg7 20. b3 Ngf5 21. Rfc1 h5 22. Bxf5 gxf5 23. Nd3 a5 24. Qe1 b4 25. Nfe5 Ne4 26. Qe2 Qg5 27. Nc5 Nc3 28. Qf3 Ba6 29. a3 Bb5 30. h3 Ra7 31. Ned3 Bxd3 32. Nxd3 Ne4 1/2-1/2

[Event "Berlin Lichtenrade op 05th"]
[Site "Berlin"]
[Date "2009.10.18"]
[Round "2"]
[White "Costello, Colin"]
[Black "Batyrov, Sapar"]
[Result "1/2-1/2"]
[WhiteElo "2000"]
[BlackElo "2421"]
[PlyCount "47"]
[EventDate "2009.10.11"]
[EventType "swiss"]
[EventRounds "9"]
[EventCountry "GER"]
[SourceTitle "EXT 2010"]
[Source "ChessBase"]
[SourceDate "2010.11.25"]
[SourceVersion "1"]
[SourceVersionDate "2010.11.25"]
[SourceQuality "1"]

1. c4 e5 2. g3 Nc6 3. Bg2 d6 4. Nc3 g6 5. Nf3 Bg7 6. Rb1 Nh6 7. b4 0-0 8. b5 Nd4 9. 0-0 Bg4 10. d3 Qd7 11. Nd5 f6 12. e3 Nxf3+ 13. Bxf3 f5 14. Bxg4 fxg4 15. e4 c6 16. Ne3 Rf3 17. bxc6 bxc6 18. Qb3 Nf7 19. Qb7 Qxb7 20. Rxb7 h5 21. Kg2 a5 22. h3 a4 23. hxg4 hxg4 24. Rd1 1/2-1/2

[Event "Voronezh op-A"]
[Site "Voronezh"]
[Date "2008.06.15"]
[Round "4"]
[White "Batyrov, Sapar"]
[Black "Kruchev, Boris"]
[Result "0-1"]
[WhiteElo "2453"]
[BlackElo "2263"]
[PlyCount "61"]
[EventDate "2008.06.12"]
[EventType "swiss"]
[EventRounds "9"]
[EventCountry "RUS"]
[SourceTitle "CBM 125 Extra"]
[Source "ChessBase"]
[SourceDate "2008.09.01"]
[SourceVersion "1"]
[SourceVersionDate "2008.09.01"]
[SourceQuality "1"]

1. d4 Nf6 2. Nf3 d5 3. c4 e6 4. Nc3 Be7 5. g3 0-0 6. Bg2 dxc4 7. Qa4 a6 8. Qxc4 b5 9. Qb3 Bb7 10. 0-0 c5 11. Rd1 c4 12. Qc2 Nbd7 13. Bf4 Rc8 14. Ne5 Bxg2 15. Kxg2 Nd5 16. Nxd5 exd5 17. Qf5 Nf6 18. h4 g6 19. Qh3 Re8 20. h5 Nxh5 21. Rh1 Bf8 22. Be3 f5 23. g4 fxg4 24. Qxg4 Bg7 25. Nxg6 Nf6 26. Qf5 hxg6 27. Qxg6 Re4 28. f3 Rxe3 29. Rh8+ Kxh8 30. Qf7 Rxe2+ 31. Kg3 0-1

[Event "Voronezh op-A"]
[Site "Voronezh"]
[Date "2008.06.13"]
[Round "2"]
[White "Batyrov, Sapar"]
[Black "Shefer, Alexander"]
[Result "1/2-1/2"]
[WhiteElo "2453"]
[BlackElo "2105"]
[PlyCount "60"]
[EventDate "2008.06.12"]
[EventType "swiss"]
[EventRounds "9"]
[EventCountry "RUS"]
[SourceTitle "CBM 125 Extra"]
[Source "ChessBase"]
[SourceDate "2008.09.01"]
[SourceVersion "1"]
[SourceVersionDate "2008.09.01"]
[SourceQuality "1"]

1. d4 Nf6 2. Nf3 e6 3. c4 b6 4. g3 Ba6 5. b3 Bb4+ 6. Bd2 Be7 7. Bg2 0-0 8. Bc3 c6 9. 0-0 d5 10. Nbd2 Nbd7 11. Qc2 Rc8 12. e4 c5 13. e5 Ne8 14. Rfe1 Qc7 15. Qb2 Bb7 16. Rac1 Qb8 17. h4 Nc7 18. Ng5 Rfd8 19. Nh3 Qa8 20. Nf4 b5 21. Ba5 Nb6 22. dxc5 Bxc5 23. cxb5 Nxb5 24. a4 Bd4 25. Qb1 Bc3 26. Bxc3 Nxc3 27. Qd3 d4 28. Bxb7 Qxb7 29. a5 Nbd5 30. Nxd5 a6 1/2-1/2

[Event "New Delhi Parsvnath op 6th"]
[Site "New Delhi"]
[Date "2008.01.16"]
[Round "6"]
[White "Ghaem Maghami, Ehsan"]
[Black "Batyrov, Sapar"]
[Result "1-0"]
[WhiteElo "2589"]
[BlackElo "2471"]
[PlyCount "67"]
[EventDate "2008.01.13"]
[EventType "swiss"]
[EventRounds "10"]
[EventCountry "IND"]
[SourceTitle "CBM 122 Extra"]
[Source "ChessBase"]
[SourceDate "2008.03.04"]
[SourceVersion "1"]
[SourceVersionDate "2008.03.04"]
[SourceQuality "1"]

1. c4 e5 2. Nc3 Nf6 3. g3 Nc6 4. Bg2 Bc5 5. e3 0-0 6. a3 a5 7. Nge2 Re8 8. 0-0 Bf8 9. d3 d6 10. Rb1 Bd7 11. h3 Qc8 12. Kh2 Nd8 13. f4 c6 14. e4 exf4 15. gxf4 g6 16. Ng3 Bg7 17. d4 h5 18. e5 dxe5 19. fxe5 Nh7 20. Nge4 Qc7 21. Kh1 Be6 22. Nd6 Rf8 23. Bf4 g5 24. Bh2 g4 25. d5 Bd7 26. Nf5 Bxf5 27. Rxf5 cxd5 28. cxd5 gxh3 29. Be4 Re8 30. Qxh5 Nf8 31. Rg1 Ra6 32. e6 Qe7 33. Rxg7+ Kxg7 34. Be5+ 1-0

[Event "Basel Hilton op 08th"]
[Site "Basel"]
[Date "2006.01.04"]
[Round "4"]
[White "Bjarnason, Oskar"]
[Black "Batyrov, Sapar"]
[Result "1/2-1/2"]
[WhiteElo "2255"]
[BlackElo "2433"]
[PlyCount "34"]
[EventDate "2006.01.01"]
[EventType "swiss"]
[EventRounds "7"]
[EventCountry "SUI"]
[SourceTitle "CBM 110 Extra"]
[Source "ChessBase"]
[SourceDate "2006.03.10"]
[SourceVersion "2"]
[SourceVersionDate "2006.03.10"]
[SourceQuality "1"]

1. e4 c5 2. c3 e6 3. d4 d5 4. exd5 exd5 5. Be3 c4 6. b3 cxb3 7. axb3 Nc6 8. Bd3 Bd6 9. Qf3 Nge7 10. Ne2 0-0 11. Nd2 Bc7 12. Bf4 Re8 13. 0-0 Be6 14. Bxc7 Qxc7 15. Nf4 Qd6 16. Nxe6 Qxe6 17. Rfe1 Qd6 1/2-1/2

[Event "Niederbronn"]
[Site "Niederbronn"]
[Date "2003.08.10"]
[Round "9"]
[White "Reinhart, Emmanuel"]
[Black "Batyrov, Sapar"]
[Result "1/2-1/2"]
[WhiteElo "2148"]
[BlackElo "2418"]
[PlyCount "93"]
[EventDate "2003.08.02"]
[EventType "tourn"]
[EventRounds "9"]
[EventCountry "FRA"]
[EventCategory "4"]
[SourceTitle "CBM 095 Extra"]
[Source "ChessBase"]
[SourceDate "2003.09.04"]
[SourceVersion "1"]
[SourceVersionDate "2003.09.04"]
[SourceQuality "1"]

1. e4 c5 2. Nf3 e6 3. d4 cxd4 4. Nxd4 Nc6 5. Be3 a6 6. Be2 Qc7 7. 0-0 Nf6 8. Nc3 Be7 9. f4 d6 10. Qe1 0-0 11. Qg3 Re8 12. Rad1 Bd7 13. e5 Nd5 14. Nxd5 exd5 15. Nxc6 bxc6 16. Bd4 Bf8 17. Bf3 Rac8 18. c4 dxe5 19. Bxe5 Qa7+ 20. Kh1 dxc4 21. Be2 c3 22. bxc3 f6 23. Bd4 c5 24. Be3 Be6 25. Rfe1 Rb8 26. Bd3 Qf7 27. Qf2 Bxa2 28. Bxc5 Rxe1+ 29. Rxe1 Bc4 30. Bc2 Re8 31. Bxf8 Qxf8 32. h3 Rxe1+ 33. Qxe1 g6 34. Qe4 Qf7 35. Bd3 Bd5 36. Qe2 a5 37. c4 Bc6 38. c5 Qb7 39. Bc4+ Kg7 40. Kh2 a4 41. Ba6 Qa7 42. Bc4 Qxc5 43. Qe6 Kh6 44. Qxf6 Bxg2 45. Qg5+ Qxg5 46. fxg5+ Kxg5 47. Kxg2 1/2-1/2

[Event "Niederbronn"]
[Site "Niederbronn"]
[Date "2003.08.08"]
[Round "7"]
[White "Mohebbi, Jaffar"]
[Black "Batyrov, Sapar"]
[Result "1-0"]
[WhiteElo "2251"]
[BlackElo "2418"]
[PlyCount "63"]
[EventDate "2003.08.02"]
[EventType "tourn"]
[EventRounds "9"]
[EventCountry "FRA"]
[EventCategory "4"]
[SourceTitle "CBM 095 Extra"]
[Source "ChessBase"]
[SourceDate "2003.09.04"]
[SourceVersion "1"]
[SourceVersionDate "2003.09.04"]
[SourceQuality "1"]

1. d4 Nf6 2. Nf3 e6 3. Bg5 d5 4. e3 Be7 5. Bd3 c5 6. c3 Nbd7 7. Nbd2 b6 8. 0-0 Bb7 9. Ne5 Nxe5 10. dxe5 Nd7 11. Bf4 g5 12. Bg3 h5 13. f4 h4 14. Bf2 Qc7 15. a4 a6 16. Qe2 c4 17. Bc2 0-0-0 18. b3 Rdg8 19. bxc4 g4 20. Be1 f6 21. cxd5 fxe5 22. dxe6 Nf6 23. fxe5 h3 24. g3 Qxe5 25. Rf5 Qxe6 26. Qc4+ Qxc4 27. Nxc4 Kc7 28. Rb1 Bc8 29. Rf2 b5 30. axb5 axb5 31. Ne5 Bd8 32. Nf7 1-0

[Event "Niederbronn"]
[Site "Niederbronn"]
[Date "2003.08.05"]
[Round "4"]
[White "Batyrov, Sapar"]
[Black "Milliet, Sophie"]
[Result "1-0"]
[WhiteElo "2418"]
[BlackElo "2275"]
[PlyCount "71"]
[EventDate "2003.08.02"]
[EventType "tourn"]
[EventRounds "9"]
[EventCountry "FRA"]
[EventCategory "4"]
[SourceTitle "CBM 095 Extra"]
[Source "ChessBase"]
[SourceDate "2003.09.04"]
[SourceVersion "1"]
[SourceVersionDate "2003.09.04"]
[SourceQuality "1"]

1. d4 d5 2. c4 e6 3. Nf3 Nf6 4. g3 Be7 5. Bg2 0-0 6. 0-0 dxc4 7. a4 c5 8. dxc5 Qc7 9. Qc2 Qxc5 10. Nfd2 Nc6 11. Qxc4 Nd4 12. Nc3 Qxc4 13. Nxc4 Nb3 14. Rb1 Nxc1 15. Rfxc1 Rb8 16. b4 Rd8 17. e4 Bd7 18. e5 Nd5 19. Bxd5 exd5 20. Nxd5 Bg5 21. Nde3 Bxe3 22. Nxe3 Bxa4 23. Ra1 b5 24. Rc7 Rd4 25. Rac1 g6 26. e6 fxe6 27. Rxa7 Rxb4 28. Rcc7 h5 29. Rg7+ Kh8 30. Rh7+ Kg8 31. Rag7+ Kf8 32. Rxg6 Rb1+ 33. Kg2 b4 34. Rxe6 b3 35. Nf5 Kg8 36. Rg7+ 1-0

[Event "Schleusen IM 4th"]
[Site "Datteln"]
[Date "2002.05.04"]
[Round "5.2"]
[White "Batyrov, Sapar"]
[Black "Haba, Petr"]
[Result "1/2-1/2"]
[WhiteElo "2456"]
[BlackElo "2493"]
[PlyCount "20"]
[EventDate "2002.04.29"]
[EventType "tourn"]
[EventRounds "10"]
[EventCountry "GER"]
[EventCategory "6"]
[SourceTitle "CBM 088 Extra"]
[Source "ChessBase"]
[SourceDate "2002.07.01"]
[SourceVersion "2"]
[SourceVersionDate "2002.07.01"]
[SourceQuality "1"]

1. d4 d5 2. c4 c6 3. Nc3 Nf6 4. Nf3 dxc4 5. a4 Bf5 6. e3 e6 7. Bxc4 Bb4 8. 0-0 Nbd7 9. Nh4 0-0 10. Nxf5 exf5 1/2-1/2

[Event "Schleusen IM 4th"]
[Site "Datteln"]
[Date "2002.05.04"]
[Round "5.1"]
[White "Haba, Petr"]
[Black "Batyrov, Sapar"]
[Result "1/2-1/2"]
[WhiteElo "2493"]
[BlackElo "2456"]
[PlyCount "22"]
[EventDate "2002.04.29"]
[EventType "tourn"]
[EventRounds "10"]
[EventCountry "GER"]
[EventCategory "6"]
[SourceTitle "CBM 088 Extra"]
[Source "ChessBase"]
[SourceDate "2002.07.01"]
[SourceVersion "2"]
[SourceVersionDate "2002.07.01"]
[SourceQuality "1"]

1. d4 Nf6 2. Nf3 e6 3. c4 b6 4. g3 Bb7 5. Bg2 Bb4+ 6. Bd2 Qe7 7. 0-0 Bxd2 8. Nbxd2 c5 9. e3 0-0 10. Qe2 d6 11. Rfd1 Nbd7 1/2-1/2

[Event "Schleusen IM 4th"]
[Site "Datteln"]
[Date "2002.05.03"]
[Round "4.2"]
[White "Batyrov, Sapar"]
[Black "Koscielski, Janusch"]
[Result "1/2-1/2"]
[WhiteElo "2456"]
[BlackElo "2339"]
[PlyCount "32"]
[EventDate "2002.04.29"]
[EventType "tourn"]
[EventRounds "10"]
[EventCountry "GER"]
[EventCategory "6"]
[SourceTitle "CBM 088 Extra"]
[Source "ChessBase"]
[SourceDate "2002.07.01"]
[SourceVersion "2"]
[SourceVersionDate "2002.07.01"]
[SourceQuality "1"]

1. d4 Nf6 2. Nf3 g6 3. c4 Bg7 4. Nc3 0-0 5. h3 d5 6. Bf4 c5 7. e3 Qa5 8. Qb3 cxd4 9. exd4 Nc6 10. Be2 dxc4 11. Bxc4 Qf5 12. Be5 Na5 13. Qb4 Nxc4 14. Qxc4 Bd7 15. 0-0 Qh5 16. Nh2 Rac8 1/2-1/2

[Event "Schleusen IM 4th"]
[Site "Datteln"]
[Date "2002.05.03"]
[Round "4.1"]
[White "Koscielski, Janusch"]
[Black "Batyrov, Sapar"]
[Result "0-1"]
[WhiteElo "2339"]
[BlackElo "2456"]
[PlyCount "36"]
[EventDate "2002.04.29"]
[EventType "tourn"]
[EventRounds "10"]
[EventCountry "GER"]
[EventCategory "6"]
[SourceTitle "CBM 088 Extra"]
[Source "ChessBase"]
[SourceDate "2002.07.01"]
[SourceVersion "2"]
[SourceVersionDate "2002.07.01"]
[SourceQuality "1"]

1. e4 d5 2. exd5 Qxd5 3. Nc3 Qa5 4. d4 Nf6 5. Nf3 c6 6. Bc4 e6 7. Bd2 Qc7 8. Qe2 Be7 9. Ne5 b5 10. Bd3 Nbd7 11. 0-0 a6 12. Rfe1 0-0 13. Bf4 Qb6 14. Rad1 Bb7 15. Bg5 Rfe8 16. Ne4 Nxe5 17. dxe5 Nxe4 18. Be3 c5 0-1

[Event "Schleusen IM 4th"]
[Site "Datteln"]
[Date "2002.04.29"]
[Round "1.1"]
[White "Batyrov, Sapar"]
[Black "Seel, Christian"]
[Result "1-0"]
[WhiteElo "2456"]
[BlackElo "2265"]
[PlyCount "63"]
[EventDate "2002.04.29"]
[EventType "tourn"]
[EventRounds "10"]
[EventCountry "GER"]
[EventCategory "6"]
[SourceTitle "CBM 088 Extra"]
[Source "ChessBase"]
[SourceDate "2002.07.01"]
[SourceVersion "2"]
[SourceVersionDate "2002.07.01"]
[SourceQuality "1"]

1. d4 Nf6 2. Nf3 g6 3. c4 Bg7 4. Nc3 d5 5. g3 0-0 6. Bg2 c6 7. cxd5 cxd5 8. 0-0 Ne4 9. Be3 Nc6 10. h3 Nxc3 11. bxc3 Na5 12. Nd2 Be6 13. Bf4 Rc8 14. Rc1 Qd7 15. Kh2 b6 16. g4 Qb5 17. Nf3 f6 18. Re1 Rfe8 19. Rc2 Qa4 20. Qc1 Bf7 21. Bg3 Nc4 22. e4 dxe4 23. Rxe4 Nd6 24. Re1 Bxa2 25. Rce2 Bf7 26. Rxe7 Rxe7 27. Rxe7 Nb5 28. Qf4 Nxc3 29. Ng5 Bb3 30. Nxh7 Qb4 31. Nxf6+ Kh8 32. Qh6+ 1-0

[Event "London MSO Banwell Memorial"]
[Site "London"]
[Date "2001.08.25"]
[Round "8"]
[White "Bigg, Andrew J"]
[Black "Batyrov, Sapar"]
[Result "0-1"]
[WhiteElo "2216"]
[BlackElo "2402"]
[PlyCount "90"]
[EventDate "2001.08.18"]
[EventType "swiss"]
[EventRounds "10"]
[EventCountry "ENG"]
[SourceTitle "EXT 2002"]
[Source "ChessBase"]
[SourceDate "2001.11.25"]
[SourceVersion "1"]
[SourceVersionDate "2001.11.25"]
[SourceQuality "1"]

1. d4 Nf6 2. Bg5 b6 3. Nd2 Bb7 4. Ngf3 g6 5. Bxf6 exf6 6. g3 f5 7. Bg2 Bg7 8. 0-0 0-0 9. c4 Re8 10. e3 d6 11. Qc2 Nd7 12. b4 c5 13. bxc5 dxc5 14. Rad1 cxd4 15. exd4 Qc7 16. Rfe1 h5 17. Qa4 Bf6 18. d5 Rxe1+ 19. Rxe1 Kg7 20. Qa3 Nc5 21. Qe3 Rd8 22. Nd4 a6 23. h4 Ba8 24. N4b3 Nd7 25. f4 Qd6 26. Rc1 Qa3 27. Rc2 Rc8 28. Qd3 a5 29. Kh1 a4 30. Nc1 Qd6 31. Ne2 Nc5 32. Qf3 Bb7 33. Nc3 Ba6 34. Rb2 Re8 35. Rb1 Bd4 36. Nb5 Bxb5 37. cxb5 Re3 38. Qxe3 Bxe3 39. Nc4 Qf6 40. Nxe3 Qc3 41. Nf1 Qc2 42. Re1 Qxa2 43. Rd1 Qe2 44. Rd2 Qxb5 45. d6 a3 0-1

[Event "London MSO Banwell Memorial"]
[Site "London"]
[Date "2001.08.24"]
[Round "7"]
[White "Batyrov, Sapar"]
[Black "Buckley, Graeme N"]
[Result "0-1"]
[WhiteElo "2402"]
[BlackElo "2370"]
[PlyCount "78"]
[EventDate "2001.08.18"]
[EventType "swiss"]
[EventRounds "10"]
[EventCountry "ENG"]
[SourceTitle "EXT 2002"]
[Source "ChessBase"]
[SourceDate "2001.11.25"]
[SourceVersion "1"]
[SourceVersionDate "2001.11.25"]
[SourceQuality "1"]

1. d4 Nf6 2. Nf3 g6 3. c4 Bg7 4. Nc3 d6 5. e4 0-0 6. Be2 e5 7. 0-0 Nbd7 8. d5 a5 9. Ne1 Nc5 10. Qc2 b6 11. Bd2 Qe7 12. Rc1 h5 13. b3 Bd7 14. Bg5 Qe8 15. f3 Nh7 16. Be3 Qe7 17. Nb5 Rfc8 18. Rd1 Bf6 19. a3 a4 20. b4 Nb3 21. c5 bxc5 22. bxc5 dxc5 23. Nxc7 Nd4 24. d6 Nxc2 25. dxe7 Rxc7 26. Nxc2 Be6 27. f4 Bxe7 28. fxe5 Rb8 29. Rc1 Rb3 30. Bf2 Bg5 31. Rce1 Rc3 32. Na1 Rxa3 33. h4 Bh6 34. Rb1 Ra2 35. Ba6 c4 36. Bb5 Rc8 37. Bb6 c3 38. Ba6 Rc6 39. Kh1 c2 0-1

[Event "Sueder Sommer op 11th"]
[Site "Recklinghausen"]
[Date "2000.07.28"]
[Round "7"]
[White "Bock, Juergen"]
[Black "Batyrov, Sapar"]
[Result "1-0"]
[WhiteElo "2245"]
[BlackElo "2466"]
[PlyCount "89"]
[EventDate "2000.07.22"]
[EventType "swiss"]
[EventRounds "9"]
[EventCountry "GER"]
[SourceTitle "EXT 2001"]
[Source "ChessBase"]
[SourceDate "2000.11.22"]
[SourceVersion "1"]
[SourceVersionDate "2000.11.22"]
[SourceQuality "1"]

1. d4 Nf6 2. c4 e6 3. Nf3 Bb4+ 4. Nbd2 a5 5. a3 Bxd2+ 6. Bxd2 b6 7. Bg5 Bb7 8. e3 0-0 9. b3 d5 10. Be2 Nbd7 11. 0-0 h6 12. Bxf6 Qxf6 13. cxd5 exd5 14. b4 axb4 15. axb4 Rxa1 16. Qxa1 Ra8 17. Qb2 c6 18. Ra1 Rxa1+ 19. Qxa1 Qd6 20. Qa7 Qb8 21. Qxb8+ Nxb8 22. Ne1 Bc8 23. f3 Bf5 24. Kf2 Bb1 25. Bd3 Bxd3 26. Nxd3 f5 27. b5 Kf7 28. Nb4 cxb5 29. Nxd5 Nd7 30. e4 fxe4 31. fxe4 Ke6 32. Ke3 Kd6 33. Nb4 g6 34. Kf4 Ke6 35. e5 Nf8 36. d5+ Ke7 37. Nc6+ Kd7 38. e6+ Nxe6+ 39. dxe6+ Kxe6 40. Nd4+ Kd5 41. Nxb5 Kc6 42. Nc3 Kd6 43. g4 Ke6 44. h4 Kd6 45. Ke4 1-0

[Event "La Pobla de Lillet op"]
[Site "La Pobla de Lillet"]
[Date "2000.??.??"]
[Round "5"]
[White "Batyrov, Sapar"]
[Black "Kovacevic, Slobodan"]
[Result "1/2-1/2"]
[WhiteElo "2466"]
[BlackElo "2367"]
[PlyCount "31"]
[EventDate "2000.08.??"]
[EventType "swiss"]
[EventRounds "9"]
[EventCountry "ESP"]
[SourceTitle "EXT 2001"]
[Source "ChessBase"]
[SourceDate "2000.11.22"]
[SourceVersion "1"]
[SourceVersionDate "2000.11.22"]
[SourceQuality "1"]

1. d4 Nf6 2. Nf3 e6 3. c4 c5 4. e3 b6 5. Nc3 a6 6. Be2 d6 7. 0-0 Nbd7 8. e4 cxd4 9. Nxd4 Bb7 10. f3 Be7 11. Be3 0-0 12. Qd2 Re8 13. Rfd1 Qc7 14. Rac1 Rac8 15. Bf1 Qb8 16. Kh1 1/2-1/2